[Event "Buga-ch"]
[Site "Buga"]
[Date "2009.11.27"]
[Round "5.2"]
[White "Mesa, Libaniel"]
[Black "Valencia, Luis Fernando"]
[Result "1-0"]
[WhiteElo "1600"]
[BlackElo "1600"]
[PlyCount "25"]
[EventDate "2009.11.27"]
[EventType "swiss"]
[EventRounds "9"]
[EventCountry "COL"]
[SourceTitle "EXT 2024"]
[Source "ChessBase"]
[SourceDate "2023.10.10"]
[SourceVersion "1"]
[SourceVersionDate "2023.10.10"]
[SourceQuality "1"]

1. d4 d5 2. Nf3 Nf6 3. Bg5 Ne4 4. e3 Bg4 5. Bh4 c5 6. c3 cxd4 7. cxd4 Qa5+ 8. Nbd2 e6 9. a3 Nxd2 10. Qxd2 Nc6 11. Qxa5 Nxa5 12. Bb5+ Nc6 13. Ne5 1-0

[Event "Manizales op 21st"]
[Site "Manizales"]
[Date "2009.01.09"]
[Round "3"]
[White "Torres, Saulo de Jesus"]
[Black "Mesa, Libaniel"]
[Result "1-0"]
[WhiteElo "1751"]
[BlackElo "1600"]
[PlyCount "35"]
[EventDate "2009.01.08"]
[EventType "swiss"]
[EventRounds "7"]
[EventCountry "COL"]
[SourceTitle "CBM 128 Extra"]
[Source "ChessBase"]
[SourceDate "2009.03.05"]
[SourceVersion "2"]
[SourceVersionDate "2009.03.25"]
[SourceQuality "1"]

1. e4 e5 2. Nf3 Nc6 3. Bb5 a6 4. Ba4 Nf6 5. 0-0 b5 6. Bb3 Be7 7. Re1 0-0 8. a4 Bb7 9. d3 d5 10. Nbd2 Re8 11. exd5 Nxd5 12. Nxe5 Nxe5 13. Rxe5 Bd6 14. Rxe8+ Qxe8 15. Ne4 Qe6 16. axb5 axb5 17. Rxa8+ Bxa8 18. Nxd6 1-0